<?xml version="1.0" encoding="UTF-8"?>
<record
    xmlns:xsi="http://www.w3.org/2001/XMLSchema-instance"
    xsi:schemaLocation="http://www.loc.gov/MARC21/slim http://www.loc.gov/standards/marcxml/schema/MARC21slim.xsd"
    xmlns="http://www.loc.gov/MARC21/slim">

  <leader>02678nam a2200337 i 4500</leader>
  <controlfield tag="003">DO-SdBNP</controlfield>
  <controlfield tag="005">20250203100935.0</controlfield>
  <controlfield tag="007">ta</controlfield>
  <controlfield tag="008">210324b2017    dr 17 r   00| 0 spa spa d</controlfield>
  <datafield tag="020" ind1=" " ind2=" ">
    <subfield code="a">9781365413216</subfield>
  </datafield>
  <datafield tag="040" ind1=" " ind2=" ">
    <subfield code="a">DO-SdBNP</subfield>
    <subfield code="b">spa</subfield>
    <subfield code="c">BNPHU</subfield>
    <subfield code="e">rda</subfield>
  </datafield>
  <datafield tag="041" ind1=" " ind2=" ">
    <subfield code="h">spa</subfield>
  </datafield>
  <datafield tag="082" ind1=" " ind2="4">
    <subfield code="a">RD863.44</subfield>
    <subfield code="b"> F727p </subfield>
    <subfield code="2">22</subfield>
  </datafield>
  <datafield tag="100" ind1="1" ind2=" ">
    <subfield code="a">Forner&#xED;n, Miguel &#xC1;ngel,</subfield>
    <subfield code="d">1960-</subfield>
    <subfield code="9">22504</subfield>
    <subfield code="e">autor</subfield>
  </datafield>
  <datafield tag="245" ind1="1" ind2="0">
    <subfield code="a">Para leer a Ren&#xE9; Rodr&#xED;guez Soriano : </subfield>
    <subfield code="b">(sin maestro) / </subfield>
    <subfield code="c">Miguel &#xC1;ngel Forner&#xED;n.</subfield>
  </datafield>
  <datafield tag="264" ind1=" " ind2="1">
    <subfield code="a">Santo Domingo :</subfield>
    <subfield code="b">Santuario,</subfield>
    <subfield code="c">2017.</subfield>
  </datafield>
  <datafield tag="300" ind1=" " ind2=" ">
    <subfield code="a">144 p&#xE1;ginas</subfield>
    <subfield code="b">ilustraciones</subfield>
    <subfield code="c">23 cm. </subfield>
  </datafield>
  <datafield tag="336" ind1=" " ind2=" ">
    <subfield code="a">texto</subfield>
    <subfield code="b">txt</subfield>
    <subfield code="2">rdacontent</subfield>
  </datafield>
  <datafield tag="337" ind1=" " ind2=" ">
    <subfield code="a">sin mediaci&#xF3;n</subfield>
    <subfield code="b">n</subfield>
    <subfield code="2">rdamedia</subfield>
  </datafield>
  <datafield tag="338" ind1=" " ind2=" ">
    <subfield code="a">volumen</subfield>
    <subfield code="b">nc</subfield>
    <subfield code="2">rdacarrier</subfield>
  </datafield>
  <datafield tag="500" ind1=" " ind2=" ">
    <subfield code="a">Incluye datos biogr&#xE1;ficos del autor en la solapa de la cubierta.</subfield>
  </datafield>
  <datafield tag="500" ind1=" " ind2=" ">
    <subfield code="a">Incluye referencias bibliogr&#xE1;ficas y notas al pie de las p&#xE1;ginas.</subfield>
  </datafield>
  <datafield tag="504" ind1=" " ind2=" ">
    <subfield code="a">Bibliograf&#xED;a : p. 131-134</subfield>
  </datafield>
  <datafield tag="505" ind1="0" ind2=" ">
    <subfield code="a">Para leer a Ren&#xE9; Rodr&#xED;guez Soriano (todos los juegos el juego),13. -- Contar y cantar. La cuent&#xED;stica de Ren&#xE9; Rodr&#xED;guez Soriano,21. -- La narrativa de Ren&#xE9; Rodr&#xED;guez Soriano, la po&#xE9;tica de lo bizarro,23. -- Ren&#xE9; Rodr&#xED;guez Soriano y la poeticidad del cuento,31. -- El arte como epifan&#xED;a en Solo la flauta,37. -- No-verlas en su niebla. Fragmentos para una teor&#xED;a del amor,45. -- Una novela que nos invita a repensar el pasado,51. -- Vanguardismo y narratividad en El mal del tiempo,57. -- Pretextos per-versos. La utop&#xED;a como horizonte de espera,69. -- El tr&#xE1;nsito generacional y el fin de otra era,73. -- El poeta en tr&#xE1;nsito hacia otra voz,77. -- Los contextos y las rupturas po&#xE9;ticas en Muestra gratis,83. --Poes&#xED;a, tiempo y memoria, a prop&#xF3;sito de Apunte a l&#xE1;piz,89. -- Lengua, comunicaci&#xF3;n y s&#xED;mbolo, a prop&#xF3;sito de Rumor de pez,97. -- A ton y son. Bailando boleros caribe&#xF1;os en c&#xE1;mara lenta,103. -- Dos angelitos blasfemos,109. -- En con-sonancia. Nota inconclusa,113. -- Antropolog&#xED;a de bolsillo. Ecos de otras voces,119. -- Caja de [h]erramientas. Textos y contextos. Bibliograf&#xED;a cr&#xED;tica,131. -- Sobre el cuento dominicano,132. -- Ren&#xE9; Rodr&#xED;guez Soriano (b&#xE1;sico). Libros publicados,135. -- Poes&#xED;a,135. -- Narrativa,135. -- Ensayo,136. --Compilaciones,136.-- En colaboraci&#xF3;n,136.-- Pr&#xF3;logos, notas,136.-- Antolog&#xED;as en las que aparece. Ensayo,136. -- Narrativa,137. -- Poes&#xED;a,138. -- Sobre el autor,138.</subfield>
  </datafield>
  <datafield tag="590" ind1=" " ind2=" ">
    <subfield code="a">Inventariado, 2021 /LP

</subfield>
  </datafield>
  <datafield tag="600" ind1="1" ind2="4">
    <subfield code="a">Forner&#xED;n, Miguel &#xC1;ngel,</subfield>
    <subfield code="d">1950-</subfield>
    <subfield code="x">Cr&#xED;tica e interpretaci&#xF3;n</subfield>
    <subfield code="9">79734</subfield>
  </datafield>
  <datafield tag="650" ind1=" " ind2="4">
    <subfield code="a">Cuentos dominicanos</subfield>
    <subfield code="9">79735</subfield>
  </datafield>
  <datafield tag="650" ind1=" " ind2="4">
    <subfield code="a">Literatura dominicana</subfield>
    <subfield code="9">79736</subfield>
  </datafield>
  <datafield tag="910" ind1=" " ind2=" ">
    <subfield code="a">Inventariado, 2021 / LP/Validado. Control de calidad MFF</subfield>
  </datafield>
  <datafield tag="942" ind1=" " ind2=" ">
    <subfield code="2">ddc</subfield>
    <subfield code="c">LBS1</subfield>
  </datafield>
  <datafield tag="952" ind1=" " ind2=" ">
    <subfield code="0">0</subfield>
    <subfield code="1">0</subfield>
    <subfield code="2">ddc</subfield>
    <subfield code="5">1</subfield>
    <subfield code="7">0</subfield>
    <subfield code="8">MO</subfield>
    <subfield code="a">BNPHU</subfield>
    <subfield code="b">PD</subfield>
    <subfield code="c">HD</subfield>
    <subfield code="d">2021-03-24</subfield>
    <subfield code="e">Dep&#xF3;sito Legal </subfield>
    <subfield code="l">0</subfield>
    <subfield code="o">BNPHU PD RD863.44 F727p </subfield>
    <subfield code="p">2021-1203</subfield>
    <subfield code="r">2021-03-24</subfield>
    <subfield code="w">2021-03-24</subfield>
    <subfield code="y">LBS1</subfield>
  </datafield>
  <datafield tag="952" ind1=" " ind2=" ">
    <subfield code="0">0</subfield>
    <subfield code="1">0</subfield>
    <subfield code="2">ddc</subfield>
    <subfield code="5">1</subfield>
    <subfield code="7">0</subfield>
    <subfield code="8">MO</subfield>
    <subfield code="a">BNPHU</subfield>
    <subfield code="b">PD</subfield>
    <subfield code="c">HD</subfield>
    <subfield code="d">2021-03-24</subfield>
    <subfield code="e">Dep&#xF3;sito Legal </subfield>
    <subfield code="l">0</subfield>
    <subfield code="o">BNPHU PD RD863.44 F727p </subfield>
    <subfield code="p">2021-1204</subfield>
    <subfield code="r">2021-03-24</subfield>
    <subfield code="t">e.2</subfield>
    <subfield code="w">2021-03-24</subfield>
    <subfield code="y">LBS1</subfield>
  </datafield>
  <datafield tag="952" ind1=" " ind2=" ">
    <subfield code="0">0</subfield>
    <subfield code="1">0</subfield>
    <subfield code="2">ddc</subfield>
    <subfield code="5">6</subfield>
    <subfield code="7">0</subfield>
    <subfield code="8">MO</subfield>
    <subfield code="a">BNPHU</subfield>
    <subfield code="b">DO</subfield>
    <subfield code="c">HD</subfield>
    <subfield code="d">2021-03-24</subfield>
    <subfield code="e">Dep&#xF3;sito Legal </subfield>
    <subfield code="l">0</subfield>
    <subfield code="o">BNPHU DS RD863.44 F727p </subfield>
    <subfield code="p">2021-1205</subfield>
    <subfield code="r">2021-03-24</subfield>
    <subfield code="t">e.3</subfield>
    <subfield code="w">2021-03-24</subfield>
    <subfield code="y">LBS1</subfield>
  </datafield>
  <datafield tag="952" ind1=" " ind2=" ">
    <subfield code="0">0</subfield>
    <subfield code="1">0</subfield>
    <subfield code="2">ddc</subfield>
    <subfield code="5">6</subfield>
    <subfield code="7">0</subfield>
    <subfield code="8">DS</subfield>
    <subfield code="a">BNPHU</subfield>
    <subfield code="b">BNPHU</subfield>
    <subfield code="c">CT</subfield>
    <subfield code="d">2025-02-03</subfield>
    <subfield code="e">Donado por la Presidencia de la Rep&#xFA;blica Dominicana 2023</subfield>
    <subfield code="l">0</subfield>
    <subfield code="o">BNPHU DS RD863.44  F727p </subfield>
    <subfield code="p">2025-0670</subfield>
    <subfield code="r">2025-02-03</subfield>
    <subfield code="t">e.4</subfield>
    <subfield code="w">2025-02-03</subfield>
    <subfield code="y">LBS1</subfield>
    <subfield code="z">Pertenecio a la biblioteca de Ren&#xE9; Rodr&#xED;guez Soriano</subfield>
  </datafield>
  <datafield tag="999" ind1=" " ind2=" ">
    <subfield code="c">49676</subfield>
    <subfield code="d">49676</subfield>
  </datafield>
</record>
